000 00218 a2200097 4500
001 44181
100 _aVries, S.De
245 _aan atlas of world history
260 _aNelson
_bThomas nelson
_c
090 _c27921
_d27921
942 _aNUST-CAE
_cM
_c19915
999 _c279254
_d279254